Yaadgaar Sir Syed / یادگار سرسید (Urdu) / (Record no. 194160)
[ view plain ]
| 000 -LEADER | |
|---|---|
| fixed length control field | 00395 a2200145 4500 |
| 003 - CONTROL NUMBER IDENTIFIER | |
| control field | NUST |
| 005 - DATE AND TIME OF LATEST TRANSACTION | |
| control field | 20230301172827.0 |
| 040 ## - CATALOGING SOURCE | |
| Transcribing agency | Nust |
| 082 ## - DEWEY DECIMAL CLASSIFICATION NUMBER | |
| Classification number | 808.43,GOH |
| 100 ## - MAIN ENTRY--PERSONAL NAME | |
| Personal name | Dr Gohar, Noshahi |
| 9 (RLIN) | 109683 |
| 245 ## - TITLE STATEMENT | |
| Title | Yaadgaar Sir Syed / یادگار سرسید (Urdu) / |
| Statement of responsibility, etc. | Dr Gohar Noshahi |
| 260 ## - PUBLICATION, DISTRIBUTION, ETC. | |
| Place of publication, distribution, etc. | Islamabad |
| Name of publisher, distributor, etc. | Majlis Farogah Thakeek |
| Date of publication, distribution, etc. | 1996 |
| 300 ## - PHYSICAL DESCRIPTION | |
| Extent | 384 p. |
| 942 ## - ADDED ENTRY ELEMENTS (KOHA) | |
| Source of classification or shelving scheme | |
| Koha item type | Book |
| Call number prefix | 808.43,GOH |
| Withdrawn status | Lost status | Source of classification or shelving scheme | Damaged status | Not for loan | Permanent Location | Current Location | Shelving location | Date acquired | Full call number | Barcode | Date last seen | Price effective from | Koha item type | Public note |
|---|---|---|---|---|---|---|---|---|---|---|---|---|---|---|
| Military College of Signals (MCS) | Military College of Signals (MCS) | General Stacks | 12/12/2016 | 808.43,GOH | MCS36219 | 12/08/2016 | 12/12/2016 | Book | Almirah No. 65, Shelf No.2 |
